00348 2200133 4500001002100000005001500021035002000036245006800056100003600124300001200160260002000172082001000192990001200202INLIS00000000000227920250527030815 a0010-05250005711 aMatematika SMU untuk Kelas 1 /cB.K. Noormandiri, Endar Sucipto0 aB.K. Noormandiri, Endar Sucipto a229 hlm bErlangga,c2000 a025.5 a0712729